000 00435pab a2200169 454500
008 180718b1985 xxu||||| |||| 00| 0 eng d
100 _aDwivedi, O.P.
245 _aMarxist contribution to the theory of the administrative state
260 _c1985
300 _a1-17
362 _aJan.-Mar.
650 _aBureaucracy
700 _aJ. Nef
700 _aWilliam Graf
773 _aIndian Journal of Political Science
909 _a4926
999 _c4926
_d4926